00809cam a2200229 a 450000100100000000500170001000800410002701000130006804000230008108200180010410000410012224500680016326000620023130000270029349000290032049000310034950400730038065000200045365000240047370000290049783000530052600000579120200929151803.0880819s1985 uy 001 f spa  a88885145 aDO-SdBNPcDLCdDLC aU863.3bA174i1 aAcevedo Díaz, Eduardo,d1851-1921.10aIsmael /cEduardo Acevedo Díaz ; prólogo de Roberto Ibanez. aMontevideo :bMinisterio de Educación y Cultura,c1985. alxvi, 361 p. ;c20 cm.1 aBiblioteca Artigasvv. 41 aClásicos uruguayosvv. 4 aIncluye referencias bibliográficas y notas al pie de las páginas 4aNovela uruguaya 4aLiteratura uruguaya1 aIbanez, Robertoepról. 0aBiblioteca ArtigaspClásicos uruguayos ;vv. 4